Removal of escherichia coli from water by system based on phosphorus - containing synthetic preformed polymer

A study of the removal of Escherichia Coli cells from water by a-hydroxyphosphonic group grafted on styrene-6.7% divinylbenzene copolymer was made. The a-hydroxyphosphonic - containing synthetic preformed polymer is well suited for subsequent use of the product as antibacterial agent.

Elmentve itt :
Bibliográfiai részletek
Szerzők: Popa Adriana
Nichita Ileana
Iliescu Smaranda
Ilia Gheorghe
Butnariu Monica
Testületi szerző: International Symposium on Analytical and Environmental Problems (17.) (2011) (Szeged)
Dokumentumtípus: Könyv része
Megjelent: SZAB Szeged 2012
Sorozat:Proceedings of the International Symposium on Analytical and Environmental Problems 17
Kulcsszavak:Mikrobiológia, Kémia
Tárgyszavak:
Online Access:http://acta.bibl.u-szeged.hu/76441
LEADER 01414naa a2200277 i 4500
001 acta76441
005 20220822102336.0
008 220810s2012 hu o 1|| hun d
020 |a 978-963-315-066-5 
040 |a SZTE Egyetemi Kiadványok Repozitórium  |b hun 
041 |a hun 
100 1 |a Popa Adriana 
245 1 0 |a Removal of escherichia coli from water by system based on phosphorus - containing synthetic preformed polymer  |h [elektronikus dokumentum] /  |c  Popa Adriana 
260 |a SZAB  |b Szeged  |c 2012 
300 |a 271-274 
490 0 |a Proceedings of the International Symposium on Analytical and Environmental Problems  |v 17 
520 3 |a A study of the removal of Escherichia Coli cells from water by a-hydroxyphosphonic group grafted on styrene-6.7% divinylbenzene copolymer was made. The a-hydroxyphosphonic - containing synthetic preformed polymer is well suited for subsequent use of the product as antibacterial agent. 
650 4 |a Természettudományok 
650 4 |a Kémiai tudományok 
695 |a Mikrobiológia, Kémia 
700 0 1 |a Nichita Ileana  |e aut 
700 0 1 |a Iliescu Smaranda  |e aut 
700 0 1 |a Ilia Gheorghe  |e aut 
700 0 1 |a Butnariu Monica  |e aut 
711 |a International Symposium on Analytical and Environmental Problems (17.) (2011) (Szeged)  |c Szeged  |d 2011. szeptember 19. 
856 4 0 |u http://acta.bibl.u-szeged.hu/76441/1/proceedings_of_isaep_2011_271-274.pdf  |z Dokumentum-elérés